| 000 | 004960000a22001930004500 | ||
|---|---|---|---|
| 001 | 004633 | ||
| 003 | MACL | ||
| 005 | 20150929133051.0 | ||
| 008 | 150929b xxu||||| |||| 00| 0 eng d | ||
| 040 |
_aMACL _cMACL |
||
| 041 | _aEnglish | ||
| 082 | _a900/NAN | ||
| 100 |
_aNandy Achintya, _912732 |
||
| 245 |
_aAsoka King Priyadarsin , A Men Of Destiny _cNandy Achintya |
||
| 260 |
_aKolkata _bAsha Bharti Publication _c2007 |
||
| 350 | _a175 | ||
| 650 |
_aHistory _912733 |
||
| 942 |
_k900 _cBK _2ddc |
||
| 999 |
_c16520 _d16520 |
||